[Event "29th Avoine Open 2014"]
[Site "Avoine FRA"]
[Date "2014.07.19"]
[Round "1.24"]
[White "Gervasio, Ricardo"]
[Black "Henno, Francois"]
[Result "1/2-1/2"]
[WhiteElo "2281"]
[BlackElo "2004"]
[WhiteFideId "2104997"]
[BlackFideId "636576"]
[EventDate "2014.07.19"]

1. d4 Nf6 2. Bg5 d5 3. Bxf6 exf6 4. e3 Bf5 5. Nd2 c6 6. Ne2 Bd6 7. c4 dxc4 8.
Nxc4 Bb4+ 9. Nc3 O-O 10. a3 Bxc3+ 11. bxc3 Be4 12. Nd2 f5 13. f3 Bd5 14. Kf2 c5
15. g3 cxd4 16. cxd4 Re8 17. Bc4 Nc6 18. Bxd5 Qxd5 19. Qb3 Qd7 20. Rhd1 f4 21.
gxf4 Qh3 22. Nf1 Re6 23. f5 Qxf5 24. Ng3 Qh3 25. Rg1 Rf6 26. Rac1 h5 27. Qd5 Rg6
28. f4 h4 29. Nf1 Rxg1 30. Kxg1 Re8 31. Kf2 Re6 32. Qf3 Qxf3+ 33. Kxf3 Ne7 34.
Rc7 Kf8 35. Rxb7 Nc8 36. Rc7 Re8 37. e4 Nd6 38. e5 Nb5 39. Rd7 Nxa3 40. Rxa7 Nb5
41. Ra4 Rd8 42. Ke3 g6 43. Rc4 Ra8 44. d5 Ra3+ 45. Ke4 f5+ 46. exf6 Nd6+ 47. Kd4
Nxc4 48. Kxc4 Kf7 49. Kd4 Kxf6 50. Ne3 h3 51. Ke4 Ra2 52. Kf3 Ke7 53. Kg3 Ra3
54. Kf2 Ra2+ 55. Kg3 Ra3 56. Kf2 Ra2+ 1/2-1/2

[Event "29th Avoine Open 2014"]
[Site "Avoine FRA"]
[Date "2014.07.19"]
[Round "1.25"]
[White "Viers, Emmanuel"]
[Black "Le Borgne, Pierre"]
[Result "0-1"]
[WhiteElo "2001"]
[BlackElo "2280"]
[WhiteFideId "656739"]
[BlackFideId "624799"]
[EventDate "2014.07.19"]

1. e4 d6 2. Nc3 Nf6 3. f4 e5 4. Nf3 Nbd7 5. Bc4 Be7 6. O-O O-O 7. d3 c6 8. a4
exf4 9. d4 d5 10. exd5 Nb6 11. Bd3 Nbxd5 12. Nxd5 Nxd5 13. c4 Ne3 14. Bxe3 fxe3
15. Qe2 c5 16. d5 Bd6 17. Qxe3 Re8 18. Qf2 Qf6 19. Ng5 Qxf2+ 20. Rxf2 Be5 21.
Kh1 Bf6 22. Ne4 Bd4 23. Rf3 Bg4 24. Rf4 Bd7 25. Raf1 f6 26. b3 b6 27. h3 Re5 28.
Nd6 Re3 29. Bf5 Rd8 30. Bxd7 Rxd7 31. Nf5 Rxb3 32. Nxd4 cxd4 33. Rxd4 Ra3 34.
Re1 Rxa4 35. Ree4 Kf7 36. Kg1 Ra5 37. Kf2 Rc5 38. Ke3 b5 39. cxb5 Rxb5 40. d6
Rb6 41. Rd3 Rbxd6 42. Ra3 Re6 43. g4 Rde7 44. Rxe6 Rxe6+ 45. Kd4 a6 46. h4 Rb6
47. Kc5 Rb5+ 48. Kc4 Re5 49. Kd4 a5 50. g5 Rb5 51. gxf6 Kxf6 52. Ke3 h5 53. Kf3
g5 54. hxg5+ Rxg5 55. Ra4 Rf5+ 56. Kg3 Ke6 57. Rd4 Rd5 58. Re4+ Kd6 59. Kf4 Rb5
60. Ke3 Rb3+ 61. Kd2 Rb4 62. Re8 h4 63. Kc3 Rg4 64. Ra8 a4 65. Rh8 Ke5 0-1

[Event "29th Avoine Open 2014"]
[Site "Avoine FRA"]
[Date "2014.07.19"]
[Round "1.26"]
[White "Coursaget, Nicolas"]
[Black "Hadet, Emmanuel"]
[Result "1-0"]
[WhiteTitle "FM"]
[WhiteElo "2274"]
[BlackElo "1999"]
[WhiteFideId "610127"]
[BlackFideId "618713"]
[EventDate "2014.07.19"]

1. d4 Nf6 2. Nf3 e6 3. c4 d5 4. Nc3 Be7 5. e3 O-O 6. Bd3 b6 7. O-O Bb7 8. Qe2 c5
9. cxd5 exd5 10. b3 Ne4 11. Bb2 Nxc3 12. Bxc3 Bf6 13. Qc2 cxd4 14. Bxh7+ Kh8 15.
Bxd4 Bxd4 16. Nxd4 Qf6 17. Bf5 g6 18. Bh3 Na6 19. Rac1 Kg7 20. Qc3 Kh7 21. Nf3
Qxc3 22. Rxc3 f5 23. Rfc1 Rf7 24. Ng5+ 1-0

[Event "29th Avoine Open 2014"]
[Site "Avoine FRA"]
[Date "2014.07.19"]
[Round "1.27"]
[White "Noyer, Oliver"]
[Black "Le Corre, Benjamin"]
[Result "0-1"]
[BlackTitle "FM"]
[WhiteElo "1999"]
[BlackElo "2272"]
[WhiteFideId "1304836"]
[BlackFideId "639605"]
[EventDate "2014.07.19"]

1. d4 Nf6 2. Nf3 g6 3. c4 Bg7 4. g3 O-O 5. Bg2 d6 6. O-O Nc6 7. Nc3 Bf5 8. b3
Ne4 9. Bb2 Nxc3 10. Bxc3 Be4 11. Qd2 e6 12. Nh4 Bxg2 13. Nxg2 d5 14. e3 Qd7 15.
cxd5 exd5 16. Rac1 Rfe8 17. Nf4 Ne7 18. Nd3 c6 19. Kg2 Nf5 20. Nc5 Qc8 21. Qd1
Rxe3 0-1

[Event "29th Avoine Open 2014"]
[Site "Avoine FRA"]
[Date "2014.07.19"]
[Round "1.28"]
[White "Le Huec, Marc"]
[Black "Ladisic, Alex-Sacha"]
[Result "1-0"]
[WhiteElo "2267"]
[BlackElo "1998"]
[WhiteFideId "624829"]
[BlackFideId "610631"]
[EventDate "2014.07.19"]

1. d4 Nf6 2. c4 d6 3. Nc3 e5 4. d5 Be7 5. e4 O-O 6. h3 Nbd7 7. Bd3 Nc5 8. Bc2 a5
9. Nf3 Ne8 10. Be3 f6 11. a3 c6 12. Rb1 cxd5 13. Nxd5 Be6 14. O-O Rf7 15. b4
axb4 16. axb4 Nd7 17. Ra1 Rxa1 18. Qxa1 Qb8 19. Rd1 Bd8 20. Ba4 Kf8 21. c5 dxc5
22. bxc5 Qc8 23. Qa3 Be7 24. Nxe7 Rxe7 25. Bxd7 Bxd7 26. c6 Bxc6 27. Bc5 Qe6 28.
Nd2 Kf7 29. Bxe7 Qxe7 30. Qxe7+ Kxe7 31. f3 Nd6 32. Kf2 Ke6 33. Nb3 g6 34. Nc5+
Ke7 35. Nd3 Ke6 36. Nb4 Bb5 37. Nd5 Bc4 38. Nb6 Bb5 39. Rc1 Bc6 40. Nc4 f5 41.
Nxd6 Kxd6 42. Ke3 fxe4 43. fxe4 b5 44. h4 Bd7 45. Rd1+ Ke6 46. g4 h6 47. g5 hxg5
48. hxg5 Bc6 49. Rf1 Be8 50. Rf6+ Ke7 51. Rb6 1-0

[Event "29th Avoine Open 2014"]
[Site "Avoine FRA"]
[Date "2014.07.19"]
[Round "1.29"]
[White "Dessenne, Francois"]
[Black "Lukasiewicz, Grzegorz"]
[Result "0-1"]
[BlackTitle "IM"]
[WhiteElo "1994"]
[BlackElo "2265"]
[WhiteFideId "638315"]
[BlackFideId "1100866"]
[EventDate "2014.07.19"]

1. d4 d5 2. Nf3 c6 3. c4 Nf6 4. Nc3 Bf5 5. cxd5 cxd5 6. Qb3 Bc8 7. Bg5 e6 8. e3
a6 9. Bd3 Be7 10. Ne5 Nc6 11. Nxc6 bxc6 12. O-O c5 13. dxc5 Bxc5 14. Bxf6 gxf6
15. e4 d4 16. Na4 Ba7 17. Rfc1 O-O 18. Qd1 Qa5 19. Qg4+ Kh8 20. b3 Bb7 21. Nb2
Rg8 22. Qf4 Rg6 23. Qc7 Qg5 24. g3 Rc8 25. f4 Rxc7 26. fxg5 Rd7 27. gxf6 Rxf6
28. Rf1 Rxf1+ 29. Kxf1 Kg7 30. Ke2 f5 31. exf5 e5 32. Rf1 Kf6 33. g4 e4 34. Bc4
Bc5 35. g5+ Kxg5 36. f6 Rd8 37. Be6 d3+ 38. Kd1 e3 39. Rf5+ Kg6 40. Rxc5 Bf3+
41. Kc1 d2+ 0-1

[Event "29th Avoine Open 2014"]
[Site "Avoine FRA"]
[Date "2014.07.19"]
[Round "1.30"]
[White "Kambrath, Yannick"]
[Black "Afraoui, Solenn"]
[Result "1-0"]
[WhiteTitle "FM"]
[WhiteElo "2259"]
[BlackElo "1985"]
[WhiteFideId "20632525"]
[BlackFideId "625167"]
[EventDate "2014.07.19"]

1. d4 Nf6 2. c4 c5 3. d5 b5 4. cxb5 a6 5. Nc3 g6 6. e4 d6 7. Nf3 Bg7 8. bxa6 O-O
9. a4 Nxa6 10. Bb5 Nb4 11. O-O Ba6 12. Qe2 Qc7 13. Bg5 Rfb8 14. Rac1 Qb7 15. b3
Bxb5 16. Nxb5 Na6 17. Rfd1 Nc7 18. Nxc7 Qxc7 19. Nd4 Qd7 20. Bxf6 Bxf6 21. Nb5
Be5 22. g3 g5 23. Rc2 Qh3 24. f3 Kh8 25. Qf1 Qh6 26. Rb1 Qf6 27. Kg2 Kg7 28. Qe2
Rc8 29. Rf1 Kh8 30. Kh1 Rg8 31. Qd3 Qh6 32. Rg2 Qh3 33. Na3 Rab8 34. Nc4 Bd4 35.
Na5 Bf6 36. Nc6 Ra8 37. a5 Qd7 38. a6 Qc8 39. Ra2 Qd7 40. Re1 Rgc8 41. Qb5 Rcb8
42. Qxb8+ Rxb8 43. Nxb8 Qa7 44. Nc6 Qa8 45. a7 Bc3 46. Rc1 Bf6 47. Ra6 1-0

[Event "29th Avoine Open 2014"]
[Site "Avoine FRA"]
[Date "2014.07.19"]
[Round "1.31"]
[White "Gros, Patrick"]
[Black "Aubry, Yannis"]
[Result "1/2-1/2"]
[WhiteElo "1984"]
[BlackElo "2255"]
[WhiteFideId "611948"]
[BlackFideId "20642407"]
[EventDate "2014.07.19"]

1. d4 d6 2. e4 Nf6 3. Nc3 g6 4. Be3 Bg7 5. Qd2 O-O 6. Nf3 Bg4 7. h3 Bxf3 8. gxf3
e5 9. d5 c5 10. Bg5 a6 11. h4 h5 12. Ne2 Nbd7 13. Ng3 Qe8 14. Bh6 Qd8 15. Rg1
Ne8 16. Bh3 Kh7 17. Nf5 Rg8 18. Bxg7 Rxg7 19. Nxg7 Nxg7 20. Bxd7 1/2-1/2

[Event "29th Avoine Open 2014"]
[Site "Avoine FRA"]
[Date "2014.07.19"]
[Round "1.32"]
[White "Gerard, Nicolas"]
[Black "Le Pen, Steven"]
[Result "1/2-1/2"]
[WhiteTitle "FM"]
[WhiteElo "2251"]
[BlackElo "1984"]
[WhiteFideId "605000"]
[BlackFideId "612197"]
[EventDate "2014.07.19"]

1. d4 Nf6 2. c4 c5 3. d5 d6 4. Nc3 g6 5. e4 Bg7 6. f4 O-O 7. Be2 e5 8. fxe5 dxe5
9. Bg5 Qb6 10. Qd2 Bd7 11. Nf3 Qd6 12. O-O Na6 13. Ne1 Rae8 14. a3 Kh8 15. Nd3
Ng8 16. b4 b6 17. Nb5 Qb8 18. bxc5 Nxc5 19. Nxc5 bxc5 20. Be3 a6 21. Nc3 Qd6 22.
Qc2 f5 23. Bd3 f4 24. Bf2 Nh6 25. Be2 g5 26. Na4 Rc8 27. Rab1 g4 28. Rb7 f3 29.
Bd3 fxg2 30. Kxg2 Bxa4 31. Qxa4 Rf3 32. Be2 Rcf8 33. Bxf3 gxf3+ 34. Kh1 Qg6 35.
Rg1 Ng4 36. Qc2 1/2-1/2

[Event "29th Avoine Open 2014"]
[Site "Avoine FRA"]
[Date "2014.07.19"]
[Round "1.33"]
[White "Durand-Le Ludec, Brendan-Bubok"]
[Black "Frick, Christoph"]
[Result "0-1"]
[WhiteElo "1983"]
[BlackElo "2246"]
[WhiteFideId "26064340"]
[BlackFideId "4607090"]
[EventDate "2014.07.19"]

1. Nf3 d5 2. c4 c6 3. g3 Nf6 4. Bg2 Bg4 5. Ne5 Be6 6. d4 Nbd7 7. Qb3 Qc8 8. Nxd7
Qxd7 9. c5 g6 10. Nd2 Bg7 11. Nf3 Ne4 12. Be3 O-O 13. Qd1 Bh3 14. O-O Bxg2 15.
Kxg2 b6 16. b4 bxc5 17. bxc5 Rab8 18. Qc1 Rb4 19. Bh6 Rfb8 20. Bxg7 Kxg7 21. Ne5
Qe6 22. e3 Rb2 23. Nd3 Rd2 24. Rd1 Rbb2 25. Qxb2 Rxb2 26. Nxb2 Ng5 27. Kf1 Qh3+
28. Ke2 Qxh2 29. Nd3 Ne4 30. Rg1 h5 31. Raf1 Qh3 32. Ne5 Qc8 33. Ra1 Qa6+ 34.
Nd3 Nxf2 35. Kxf2 Qxd3 36. Rge1 g5 37. a4 Kg6 38. a5 Kf5 39. Rad1 Qc2+ 40. Kg1
Kg4 41. Rc1 Qd2 42. Rcd1 Qxa5 43. Re2 Qb5 44. Rf2 f6 45. Kg2 Qb3 46. Re1 Qd3 47.
Kh2 a5 48. Ra2 a4 49. Kh1 Kxg3 50. e4 g4 51. exd5 Qf3+ 52. Kg1 Qxd5 53. Re3+ 0-1

[Event "29th Avoine Open 2014"]
[Site "Avoine FRA"]
[Date "2014.07.19"]
[Round "1.34"]
[White "Vavric, Pavel"]
[Black "Van Gils, Martin"]
[Result "0-1"]
[WhiteTitle "FM"]
[WhiteElo "2235"]
[BlackElo "1980"]
[WhiteFideId "13902032"]
[BlackFideId "1015796"]
[EventDate "2014.07.19"]

1. e4 d5 2. exd5 Nf6 3. Nf3 Nxd5 4. d4 Bg4 5. Be2 e6 6. O-O Bd6 7. h3 Bh5 8. Ne5
Bxe2 9. Qxe2 c6 10. c4 Nf6 11. Nc3 Nbd7 12. Bg5 Qc7 13. Rfe1 h6 14. Bh4 g5 15.
Bg3 h5 16. Nxf7 0-1

[Event "29th Avoine Open 2014"]
[Site "Avoine FRA"]
[Date "2014.07.19"]
[Round "1.35"]
[White "Plessis, Arnaud"]
[Black "Purenne, Benoit"]
[Result "0-1"]
[WhiteElo "1976"]
[BlackElo "2225"]
[WhiteFideId "20639597"]
[BlackFideId "602337"]
[EventDate "2014.07.19"]

1. e4 c5 2. c4 Nc6 3. Ne2 e6 4. Nbc3 Nf6 5. d4 cxd4 6. Nxd4 Bb4 7. Nxc6 Bxc3+ 8.
bxc3 dxc6 9. Qxd8+ Kxd8 10. Bd3 c5 11. Bg5 h6 12. Bh4 e5 13. O-O-O Kc7 14. f4
Nd7 15. f5 f6 16. Bf2 b6 17. h4 Ba6 18. g4 Rad8 19. Be3 Nb8 20. Be2 Bb7 21. Rd5
Bxd5 22. cxd5 Kd6 23. Kc2 Nd7 24. c4 Rb8 25. a4 a6 26. Rb1 Rhc8 27. Kc3 Rc7 28.
Bf1 Ra7 29. Be2 b5 30. cxb5 axb5 31. Rxb5 Rxa4 32. Bxc5+ Nxc5 33. Rxb8 Rxe4 34.
Rb6+ Kxd5 35. Bf3 Na4+ 36. Kd3 Nxb6 37. Bxe4+ Kc5 38. Bf3 Na4 39. Bg2 Nb2+ 40.
Ke4 Nc4 41. Kd3 Nd6 42. Bf3 h5 43. Bd1 e4+ 44. Ke3 Kd5 45. Kf4 hxg4 46. Bxg4 Kd4
47. Be2 e3 48. Ba6 Ne4 49. Kf3 Nc3 50. Bf1 e2 51. Bxe2 Nxe2 52. Kxe2 Ke4 53. Kf2
Kxf5 54. Kf3 Kg6 55. Kg4 Kh6 56. h5 f5+ 57. Kh4 f4 58. Kg4 f3 59. Kxf3 Kxh5 60.
Kg3 Kg5 61. Kh3 Kf4 62. Kg2 Kg4 63. Kf2 Kh3 64. Kg1 Kg3 65. Kh1 g5 0-1

[Event "29th Avoine Open 2014"]
[Site "Avoine FRA"]
[Date "2014.07.19"]
[Round "1.37"]
[White "Baroudel, Hadrien"]
[Black "Ternault, Mathieu"]
[Result "0-1"]
[WhiteElo "1967"]
[BlackElo "2220"]
[WhiteFideId "20642415"]
[BlackFideId "20641532"]
[EventDate "2014.07.19"]

1. e4 e6 2. d4 d5 3. Nc3 Bb4 4. e5 c5 5. Nf3 Ne7 6. a3 Bxc3+ 7. bxc3 b6 8. Bb5+
Bd7 9. Bd3 Ba4 10. Nh4 Nbc6 11. Be3 c4 12. Be2 Ng6 13. Nxg6 hxg6 14. Qd2 Qh4 15.
Bf3 Qe7 16. g3 O-O-O 17. Bg5 f6 18. exf6 gxf6 19. Be3 e5 20. dxe5 Nxe5 21. Be2
g5 22. Qc1 Qh7 23. Bd4 Rde8 0-1

[Event "29th Avoine Open 2014"]
[Site "Avoine FRA"]
[Date "2014.07.19"]
[Round "1.38"]
[White "Marie, Maxime"]
[Black "Ginovart, Axel"]
[Result "1-0"]
[WhiteTitle "CM"]
[WhiteElo "2211"]
[BlackElo "1967"]
[WhiteFideId "625590"]
[BlackFideId "676845"]
[EventDate "2014.07.19"]

1. c4 Nf6 2. g3 e5 3. Bg2 d5 4. cxd5 Nxd5 5. Nc3 Nb6 6. Nf3 Nc6 7. a3 Be7 8. b4
Be6 9. d3 O-O 10. O-O a5 11. b5 Nd4 12. Nd2 Bd5 13. Nxd5 Nxd5 14. Bb2 a4 15. Nc4
f6 16. Bxd4 exd4 17. Qc2 Ra7 18. Rfc1 f5 19. b6 cxb6 20. Bxd5+ Qxd5 21. Nxb6 Qb3
22. Nc8 Bxa3 23. Rxa3 Qxa3 24. Nxa7 Qb3 25. Qxb3+ axb3 26. Rb1 b2 27. Rxb2 1-0

[Event "29th Avoine Open 2014"]
[Site "Avoine FRA"]
[Date "2014.07.19"]
[Round "1.40"]
[White "Eden, James"]
[Black "Neau, Julien"]
[Result "1-0"]
[WhiteElo "2207"]
[BlackElo "1962"]
[WhiteFideId "666491"]
[BlackFideId "631388"]
[EventDate "2014.07.19"]

1. e4 d6 2. d4 Nf6 3. Nc3 g6 4. Nf3 Bg7 5. Be2 O-O 6. O-O Nc6 7. d5 Nb8 8. Be3
e6 9. dxe6 Bxe6 10. Nd4 Bd7 11. f4 Nc6 12. Bf3 Re8 13. Qd3 Nb4 14. Qd2 Bg4 15.
a3 Bxf3 16. Nxf3 Nc6 17. Qd3 Qe7 18. e5 Ng4 19. Nd5 Qd7 20. h3 Nxe3 21. Nxe3 Qd8
22. Ng5 dxe5 23. Qc4 Qd4 24. Qxf7+ Kh8 25. Rae1 exf4 26. Rxf4 Rxe3 27. Rxd4
Rxe1+ 28. Kf2 Rf8 29. Kxe1 Rxf7 30. Nxf7+ Kg8 31. Rd7 Ne5 32. Nxe5 Bxe5 33. b3
Bd6 34. Ke2 h5 35. Kd3 g5 36. Ke4 g4 37. hxg4 hxg4 38. Rxd6 cxd6 39. Kd5 Kf7 40.
Kxd6 Kf6 41. g3 Kf5 42. Kd5 1-0

[Event "29th Avoine Open 2014"]
[Site "Avoine FRA"]
[Date "2014.07.19"]
[Round "1.41"]
[White "Schweitzer, Marc"]
[Black "Ollier, Milan"]
[Result "1/2-1/2"]
[WhiteElo "1955"]
[BlackElo "2205"]
[WhiteFideId "634433"]
[BlackFideId "664774"]
[EventDate "2014.07.19"]

1. Nf3 c5 2. c4 Nc6 3. Nc3 Nf6 4. g3 g6 5. Bg2 Bg7 6. O-O O-O 7. d4 cxd4 8. Nxd4
Qb6 9. Nb3 d6 10. Nd5 Nxd5 11. cxd5 Ne5 12. Be3 Qa6 13. Bd4 Bg4 14. Re1 Rac8 15.
h3 Bd7 16. f4 Nc4 17. Bxg7 Kxg7 18. Qd4+ Kg8 19. e4 Nb6 20. Qf2 Na4 21. Rac1 Qb6
22. Qxb6 axb6 23. Rxc8 Rxc8 24. Re2 Kf8 25. Rd2 h5 26. Kf2 b5 27. Nd4 Rc1 28. b3
Nc3 29. Ne2 Nxe2 30. Rxe2 b4 31. Re1 Rc2+ 32. Re2 Rc1 33. Re1 Rc5 34. Bf1 f5 35.
Bd3 fxe4 36. Bxe4 Bxh3 37. Bxg6 Rxd5 38. Be4 Ra5 39. Re2 b6 40. Bb1 Bf5 41. Bxf5
Rxf5 42. Rd2 Ra5 43. Ke3 Kf7 44. Rd4 Rb5 45. Kd3 Kf6 46. Kc4 Rc5+ 47. Kxb4 Kf5
48. a4 Kg4 49. Rd3 h4 50. gxh4 Kxf4 51. Rd4+ Ke5 52. Rc4 Ra5 53. Rc6 Rd5 54.
Rxb6 Rd4+ 55. Kc3 Rxh4 56. a5 Rh2 57. b4 Ra2 58. Kb3 Ra1 59. Kb2 Ra4 60. a6 Kd4
61. Kb3 Ra1 62. Kb2 Ra4 63. Kb3 Ra1 1/2-1/2

[Event "29th Avoine Open 2014"]
[Site "Avoine FRA"]
[Date "2014.07.19"]
[Round "1.43"]
[White "Auroy, Didier"]
[Black "Le Goff, Ronan"]
[Result "0-1"]
[WhiteElo "1953"]
[BlackElo "2198"]
[WhiteFideId "607614"]
[BlackFideId "612073"]
[EventDate "2014.07.19"]

1. d4 Nf6 2. Nf3 e6 3. e3 b6 4. Bd3 Bb7 5. Nbd2 Be7 6. O-O O-O 7. b3 c5 8. c4
Nc6 9. Bb2 cxd4 10. exd4 Nh5 11. Re1 Nf4 12. Bf1 Nb4 13. Bc3 f5 14. a3 Na6 15.
g3 Nh5 16. b4 Rc8 17. c5 Nf6 18. Qa4 Nc7 19. Bb2 Bc6 20. Qb3 b5 21. Ne5 Bd5 22.
Qc2 a6 23. Bg2 Nfe8 24. a4 Bxg2 25. Kxg2 Nd5 26. axb5 axb5 27. Qb3 Qc7 28. f4
Qb7 29. Ndf3 Nef6 30. Ra5 Bd8 31. Ra3 Bc7 32. Kg1 Bb8 33. Rf1 Ne4 34. Kg2 Bxe5
35. dxe5 Nd2 36. Nxd2 Nxf4+ 37. Kf2 Qg2+ 38. Ke3 Qe2+ 39. Kxf4 g5+ 40. Kxg5 Qg4+ 0-1

[Event "29th Avoine Open 2014"]
[Site "Avoine FRA"]
[Date "2014.07.19"]
[Round "1.44"]
[White "Roger, Mehdi"]
[Black "Kempinski, Andre"]
[Result "0-1"]
[WhiteElo "2198"]
[BlackElo "1953"]
[WhiteFideId "612065"]
[BlackFideId "623148"]
[EventDate "2014.07.19"]

1. d4 e6 2. e4 d5 3. Nc3 Nc6 4. Nf3 Nf6 5. Bg5 Be7 6. e5 Ne4 7. Bxe7 Qxe7 8. Bb5
Nxc3 9. bxc3 Bd7 10. Bxc6 Bxc6 11. O-O Bb5 12. Re1 Qa3 13. Re3 Bc4 14. Qb1 Qa6
15. Nd2 b6 16. Rg3 O-O 17. a4 Be2 18. Re3 Bh5 19. Qb5 Qc8 20. c4 c6 21. Qb2 Qd7
22. a5 Rab8 23. Rb3 dxc4 24. Nxc4 b5 25. Nd6 Bg6 26. c4 a6 27. cxb5 cxb5 28. Rc1
f6 29. Rbc3 fxe5 30. dxe5 b4 31. Rc7 Qd8 32. Qb3 Kh8 33. g3 Qg5 34. R7c5 Qd2 35.
f4 Bd3 36. Qd1 Qe3+ 37. Kg2 b3 38. R5c3 b2 39. Nf7+ Rxf7 0-1

[Event "29th Avoine Open 2014"]
[Site "Avoine FRA"]
[Date "2014.07.19"]
[Round "1.45"]
[White "Eugene, Floryan"]
[Black "Schweitzer, Viktoriya"]
[Result "0-1"]
[BlackTitle "WIM"]
[WhiteElo "1948"]
[BlackElo "2195"]
[WhiteFideId "20694784"]
[BlackFideId "14100878"]
[EventDate "2014.07.19"]

1. e4 g6 2. d4 c6 3. Nc3 d5 4. f4 Bg7 5. Nf3 Bg4 6. e5 h5 7. Bd3 e6 8. h3 Bxf3
9. Qxf3 Qb6 10. Ne2 h4 11. O-O Nd7 12. a4 Nh6 13. a5 Qc7 14. b4 Bf8 15. c3 Be7
16. Bd2 Kf8 17. Rfc1 Kg7 18. c4 dxc4 19. Rxc4 Rac8 20. Be4 a6 21. d5 exd5 22.
Bxd5 Rhd8 23. Be4 Nc5 24. f5 Rxd2 25. f6+ Kh7 26. bxc5 Qxe5 27. Rac1 Qxf6 28.
Qe3 Rcd8 29. Bc2 Qg5 30. Nf4 Bf6 31. Qf3 Bd4+ 32. Kh1 Rf2 33. Rxd4 Rxf3 34. Rxd8
Qxf4 0-1

[Event "29th Avoine Open 2014"]
[Site "Avoine FRA"]
[Date "2014.07.19"]
[Round "1.46"]
[White "Rodriguez Rodriguez, Antonio"]
[Black "Gallois, Jerome"]
[Result "1-0"]
[WhiteTitle "FM"]
[WhiteElo "2186"]
[BlackElo "1948"]
[WhiteFideId "2219255"]
[BlackFideId "687456"]
[EventDate "2014.07.19"]

1. d4 c5 2. e4 cxd4 3. Nf3 d6 4. Nxd4 g6 5. Nc3 Bg7 6. Be3 a6 7. Bc4 Nf6 8. f3
Nc6 9. Qd2 h5 10. O-O-O Ne5 11. Bb3 Qc7 12. Bg5 Ned7 13. Nd5 Nxd5 14. exd5 Ne5
15. f4 f6 16. fxe5 dxe5 17. Qd3 fxg5 18. Qxg6+ Kf8 19. Rhf1+ Bf6 20. Ne6+ 1-0

[Event "29th Avoine Open 2014"]
[Site "Avoine FRA"]
[Date "2014.07.19"]
[Round "1.47"]
[White "Louis-sidois, Charles"]
[Black "Pietrasanta, Jeremy"]
[Result "1-0"]
[BlackTitle "FM"]
[WhiteElo "1946"]
[BlackElo "2179"]
[WhiteFideId "20631570"]
[BlackFideId "621030"]
[EventDate "2014.07.19"]

1. b3 d6 2. Bb2 e5 3. e3 Nf6 4. d4 Nbd7 5. c4 c6 6. Nf3 Be7 7. Be2 O-O 8. O-O
Qc7 9. Qc2 Re8 10. Nc3 Nf8 11. b4 Ng6 12. a4 Bg4 13. h3 Bd7 14. Ne4 Nxe4 15.
Qxe4 f5 16. Qc2 e4 17. Nd2 Qd8 18. d5 cxd5 19. cxd5 Rc8 20. Qb3 Bf6 21. Bh5 Bxb2
22. Qxb2 Qg5 23. Bxg6 Qxg6 24. f4 exf3 25. Rxf3 f4 26. e4 Re5 27. Rc1 Rf8 28.
Rc7 Rg5 29. Rxd7 Rxg2+ 30. Kf1 Rg1+ 31. Ke2 Qg2+ 32. Rf2 f3+ 33. Nxf3 Qxh3 34.
Qd4 Rg3 35. Rc7 Rfxf3 36. Rxf3 Rg2+ 37. Rf2 Qg4+ 38. Ke1 Rg1+ 39. Rf1 Rg2 40.
Qe3 Ra2 41. Qf3 1-0

[Event "29th Avoine Open 2014"]
[Site "Avoine FRA"]
[Date "2014.07.19"]
[Round "1.48"]
[White "Devallee, Jeremie"]
[Black "Caloone, Thomas"]
[Result "1-0"]
[WhiteElo "2169"]
[BlackElo "1945"]
[WhiteFideId "665240"]
[BlackFideId "20665210"]
[EventDate "2014.07.19"]

1. e4 e5 2. Nf3 Nc6 3. d4 exd4 4. Nxd4 Qh4 5. Nc3 Bb4 6. Nb5 Ba5 7. Bd2 a6 8. g3
Qe7 9. Na3 Nf6 10. Qe2 O-O 11. Bg2 b5 12. e5 Ne8 13. Nd5 Bxd2+ 14. Kxd2 Qc5 15.
f4 Bb7 16. Qe3 Qxe3+ 17. Kxe3 Kh8 18. Nb4 Na5 19. Bxb7 Nxb7 20. Rhd1 c5 21. Nd5
d6 22. c4 b4 23. Nb1 Na5 24. Nd2 dxe5 25. fxe5 f6 26. Nb6 Ra7 27. Ne4 Rb7 28.
Nxc5 Rxb6 29. Nd7 Nxc4+ 30. Ke2 Rf7 31. Nxb6 Nxb6 32. Rd8 Re7 33. Kf2 Rxe5 34.
Re1 Rxe1 35. Kxe1 Kg8 36. Rxe8+ Kf7 37. Rb8 Nd5 38. Ra8 1-0

[Event "29th Avoine Open 2014"]
[Site "Avoine FRA"]
[Date "2014.07.19"]
[Round "1.49"]
[White "Dupont, Arthur"]
[Black "Naudion, Gregoire"]
[Result "0-1"]
[WhiteElo "1945"]
[BlackElo "2167"]
[WhiteFideId "692832"]
[BlackFideId "663530"]
[EventDate "2014.07.19"]

1. d4 g6 2. c4 Bg7 3. Nc3 c5 4. Nf3 cxd4 5. Nxd4 Nc6 6. Nxc6 bxc6 7. g3 Nf6 8.
Bg2 O-O 9. O-O Rb8 10. Qc2 Qb6 11. e4 d6 12. b3 Qa5 13. Bd2 Qh5 14. Rad1 Bh3 15.
Bxh3 Qxh3 16. f3 Qh5 17. Kg2 Nd7 18. Ne2 Qc5 19. Bc3 Bxc3 20. Qxc3 a5 21. Nd4
Rfd8 22. Nc2 e5 23. Qe3 Qxe3 24. Nxe3 Nc5 25. Nc2 Na6 26. Rd3 Kf8 27. Rb1 Ke7
28. Kf2 f5 29. exf5 gxf5 30. Ne3 Ke6 31. g4 fxg4 32. fxg4 Nc5 33. Rdd1 Ne4+ 34.
Kf3 Nc3 35. Nf5 d5 36. c5 Rb5 37. Re1 d4 38. Rb2 Rxc5 39. Rd2 Rcd5 40. Ng7+ Kf7
41. Nf5 Re8 42. h4 e4+ 43. Kf4 c5 44. h5 e3 45. Rd3 Nxa2 46. g5 Nb4 47. Rdd1 e2
48. Ra1 Nd3+ 49. Kg4 Rxf5 50. Kxf5 Nxe1 51. g6+ hxg6+ 52. hxg6+ Kg8 53. Rxe1 d3 0-1

[Event "29th Avoine Open 2014"]
[Site "Avoine FRA"]
[Date "2014.07.19"]
[Round "1.50"]
[White "Smith, Matthieu"]
[Black "De Lussac, Maxence"]
[Result "1-0"]
[WhiteElo "2159"]
[BlackElo "1944"]
[WhiteFideId "640689"]
[BlackFideId "20685246"]
[EventDate "2014.07.19"]

1. d4 Nf6 2. Nf3 g6 3. g3 Bg7 4. Bg2 c5 5. d5 d6 6. c4 O-O 7. Nc3 Nbd7 8. O-O
Rb8 9. Qc2 a6 10. a4 b5 11. Nd2 bxc4 12. Nxc4 Nb6 13. Na3 e6 14. e4 exd5 15.
exd5 Bf5 16. Qd2 Re8 17. a5 Nbd7 18. Nc4 Ne5 19. Ne3 Bd3 20. Re1 c4 21. h3 Ned7
22. Bf1 Nc5 23. Ra3 Nfe4 24. Nxe4 Nxe4 25. Qd1 Bxb2 26. Nxc4 Bxf1 27. Rxf1 Nc3
28. Rxc3 Bxc3 29. Qd3 Bg7 30. Be3 Rb5 31. Bb6 Qd7 32. Kg2 Rc8 33. Re1 Rb4 34.
Ne3 Qb5 35. Qd1 Rb2 36. Qg4 Re8 37. Rc1 Qe2 38. Qxe2 Rxe2 39. Rc6 Be5 40. Nc4 h5
41. Nxd6 Bxd6 42. Rxd6 Rd2 43. Kf3 Re5 44. Rd8+ Kg7 45. d6 Red5 46. Ra8 Rxd6 47.
Rxa6 Rc6 48. Bd4+ Rxd4 49. Rxc6 Ra4 50. a6 h4 51. gxh4 Rxh4 52. a7 Ra4 53. Rc7
Kf6 54. Ke3 Ke6 55. Kd3 f6 56. Kc3 Kd6 57. Rf7 f5 58. Kb3 Ra1 59. Kc4 Ke5 60.
Kb5 Kf4 61. Kb6 Kf3 62. Rf6 Kxf2 63. Rxg6 f4 64. Kb7 Rb1+ 65. Rb6 Ra1 66. a8=Q
Rxa8 67. Kxa8 f3 68. Rf6 Kg2 69. h4 1-0